01602nam a2200301 u 4500001001000000003000900010005001700019007000300036008004100039040002500080082002800105245019400133260007400327300003300401500007000434500005500504590002500559650007200584650003400656651006900690651006500759910003700824942001400861952013800875952013901013952013301152999001501285000003193DO-SdBNP20220408091206.0ta090707s2002 dr ac r 001 0 spa d aDO-SdBNPbspacBNPHU 4a338.97293697bD441e22213aEl desarrollo económico local y la competitividad sistémica en la provincia de la Vega :bavances del proceso de planificación /cedición, Hernán Aristizábal ; Enrique de León aLa Vega :bAgencia de Desarrollo Económico Local de la Vega,c2002. a156 p. :bil.; fots;c22 cm. a Proyecto de descentralización y desarrollo local ONAPLAN-GTZ. aProyecto de fomento a pequeña y mediana empresa. aInventariado 2022/SA 4962264aPlanificación EconómicazLa VegazRepública Dominicana 4933296aDesarrollo económico 4aLa Vega, República Dominicana981309xCondiciones económicas 4aRepublica Dominicana, La VegaxPolítica económica981416 aValidado. Control de calidad MFF 2ddccLBS1 00102ddc56708DSaBNPHUbBNPHUcHDd2013-07-29eDonadol0oBNPHU DS 338.97293697 D441ep3193-30r2020-06-25te.3w2020-06-25yLBS1 00102ddc53708PDaBNPHUbBNPHUcHDd2009-07-07eDonadol0oBNPHU PD 338.97293697 D441ep3193-20r2020-06-25te.2w2020-06-25yLBS1 00102ddc53708PDaBNPHUbBNPHUcHDd2009-07-07eDonadol0oBNPHU PD 338.97293697 D441ep3193-10r2020-06-25w2020-06-25yLBS1 c3024d3024